Scrabble Worte aus JETPUNK - Statistiken

Allgemein
  • Dieses Quiz wurde 107 mal gespielt
    38 seit der letzten Aktualisierung
  • Das Durchschnittsergebnis liegt bei 15 aus 36
Antwortstatistiken
Punkte Wort % Korrekt
7 Je
100%
10 Punk
97%
8 Jet
94%
11 Punkt
83%
2 Tu
83%
3 Tun
78%
2 Ne
64%
12 Punkte
64%
2 Nu
61%
6 Unk
58%
7 Pute
56%
7 Tunk
53%
8 Tunke
53%
3 Neu
50%
7 Unke
50%
3 Nut
44%
9 Jute
39%
7 Knut
39%
8 Puten
28%
8 Knute
25%
4 Nute
25%
3 Tue
25%
6 Ken
22%
2 Et
19%
8 Jeu
19%
11 Jup
17%
3 Net
17%
7 Pneu
17%
7 Unkt
17%
7 Kute
14%
8 Unkte
14%
7 Knet
8%
4 Tune
8%
8 Kuten
6%
12 Jupe
3%
8 Unket
3%
Keine übereinstimmenden Quizze gefunden
Verteilung der Resultate
Anzahl Personen mit jedem Resultat
Perzentil nach korrekt beantworteten Fragen
Ihre Resultats-Entwicklung
Sie haben dieses Quiz seit der letzten Aktualisierung nicht gespielt